[Event "Ordzhonikidze zt 1.9"]
[Site "Ordzhonikidze"]
[Date "2000.06.13"]
[Round "5"]
[White "Moiseenko, Alexander"]
[Black "Moroz, Alexander"]
[Result "1-0"]
[WhiteElo "2573"]
[BlackElo "2513"]
[Annotator "Tyomkin,D"]
[PlyCount "61"]
[EventDate "2000.06.09"]
[EventType "swiss"]
[EventRounds "9"]
[EventCountry "UKR"]
[SourceTitle "CBM 078"]
[Source "ChessBase"]
[SourceDate "2000.10.18"]
[SourceVersion "1"]
[SourceVersionDate "2000.10.18"]
[SourceQuality "1"]

1. d4 f5 2. Bg5 Nf6 3. Bxf6 exf6 4. e3 Qe7 ({The main continuation here is:} 
4... d5) 5. Nc3 c6 6. Qf3 d5 7. Bd3 g6 8. h3 {[%cal Gg2g4]} Na6 9. Bxa6 $146 {
It looks very logical to destroy black pawn structure on the queenside as well.
} (9. a3 Be6 10. g4 fxg4 11. hxg4 Bf7 12. Nge2 Nc7 $11 {1/2-1/2 Gilles,
R-Coupet,P/FRA 1996/CBM 55 ext (44)}) 9... bxa6 10. Nge2 Rb8 11. Na4 Qb4+ (
11... Qe4 12. Qg3 $1) 12. Nec3 a5 $2 {[%mdl 16384] Black simply misses the
break on 15th move of white. But, on the other hand, it is hard to explain how
2500-player can make such move like this, instead of easy developing move.
Punishment is coming soon!} (12... Bd6 13. a3 Qb7 14. O-O O-O $14) 13. O-O Bd6
14. a3 Qb7 15. e4 $1 {That's it! White finds a way to use the lack of black in
development.} dxe4 $6 {Black could try to save the game in the ending with the
pawn down:} (15... Kf7 16. exd5 cxd5 17. Qxd5+ (17. Nxd5 Be6 18. Ndc3 Qxf3 19.
gxf3 Rhc8 $14) 17... Qxd5 18. Nxd5 Bd7 19. Ndc3 $16) 16. Nxe4 Be7 (16... fxe4
17. Qxf6 {[%csl Rd6,Rh8]}) 17. Nec5 Qc7 18. Rfe1 Kf7 (18... O-O 19. Ne6 $16 (
19. b3 $16)) 19. Qc3 {[%csl Ra5,Ra7,Rc6,Rc8,Rf7][%cal Gc3c4] Paintful
position- black has all kinds of weaknesses: weak pawns, bad pieces, weak king.
..} Rd8 20. Re2 {White is playing simple and strong, strenghening his pieces
one by one.} Bf8 21. Rae1 Rd5 22. Re8 f4 23. b3 {[%cal Ga4b2,Yb2c4,Yb2d3] Time
for this knight to be improved.} Kg7 24. f3 Kf7 (24... Rd8 25. Nb2 $16 {
[%cal Gb2c4]}) 25. Kh2 Kg7 26. Nb2 Bxc5 27. dxc5 Rb7 28. Rh8 $1 {So sweet!} Bf5
(28... Kxh8 29. Qxf6+ {[%cal Ge1e8]}) 29. Ree8 Qf7 30. Nc4 {[%cal Gc4d6]} Rxc5
31. Qe1 $1 {[%cal Gc4d6,Rh8h7] That's the end of the story. Black resigned, or
maybe, lost on time- it doesn't matter in this position.} (31. Qe1 Rd5 32.
Rxh7+ Kxh7 33. Qh4+ Kg7 34. Qh8#) 1-0

[Event "RUS-Cup01 Chigorin Memorial"]
[Site "St Petersburg"]
[Date "1997.11.07"]
[Round "7"]
[White "Neverov, Valeriy"]
[Black "Rychagov, Andrey"]
[Result "1-0"]
[WhiteElo "2560"]
[BlackElo "2495"]
[Annotator "Tyomkin,D"]
[PlyCount "81"]
[EventDate "1997.11.01"]
[EventType "swiss"]
[EventRounds "9"]
[EventCountry "RUS"]
[SourceTitle "CBM 062"]
[Source "ChessBase"]
[SourceDate "1998.01.31"]
[SourceVersion "1"]
[SourceVersionDate "1998.01.31"]
[SourceQuality "1"]

1. d4 f5 2. Nc3 d5 3. Bf4 Nf6 4. e3 e6 5. Nf3 Bd6 $6 (5... c6 {Tyomkin,D} 6.
Bd3 (6. Ne5 Bb4 $5 (6... Be7 7. Be2 O-O 8. h3 c5 9. O-O $14 {Peicheva Hansen,
E-Gausel,E/Gausdal Arnold-Cup 1990/0-1(36)}) 7. f3 Nh5 8. Bg3 Nd7 9. Nxd7 Nxg3
10. hxg3 Bxd7 11. a3 Bd6 12. f4 Qb6 13. Na4 Qc7 14. Nc5 Bxc5 15. dxc5 O-O-O 16.
Qd4 e5 $1 17. Qxe5 Qxe5 18. fxe5 Rde8 19. Bd3 Rxe5 20. Kd2 h6 $15 {[%csl Re3,
Rg3] Pribyl-Psahis, Yurmala 1987}) 6... Bd6 7. Ne2 Ne4 8. Bxe4 fxe4 9. Ne5 Qe7
10. f3 exf3 11. Nxf3 Nd7 12. Bxd6 Qxd6 13. O-O O-O 14. Qd3 e5 15. e4 Re8 16.
Nc3 $14 {[%csl Rc8] Sorokin-Piskov,Minsk,1990}) (5... Be7 {Tyomkin,D} 6. Bd3 (
6. Nb5 {[%cal Gc2c4]} Na6 7. c4 c6 (7... O-O 8. Be2 c6 9. Nc3 dxc4 $6 (9... Ne4
$142) 10. Bxc4 Nb4 11. O-O Nbd5 12. Bg5 h6 13. Bxf6 Bxf6 14. Qc2 $16 {[%csl
Rc8,Re6,Rf5]} b5 $2 15. Nxd5 cxd5 (15... exd5 16. Bd3 $16 {[%csl Rc6,Rf5]}) 16.
Bxb5 {Boersma,P-Meulders,R/Amsterdam 1982/1-0(45)}) 8. Nc3 O-O 9. c5 $2 (9. Be2
$14) 9... b6 10. Qa4 Nb8 11. b4 a5 12. a3 Ne4 13. Nxe4 dxe4 14. Nd2 b5 15. Qb3
axb4 16. Qxb4 Nd7 17. Be2 e5 $1 $36 {Nikolic,Z-Legky,N/Vrnjacka Banja1989/1/
2-1/2(55)}) 6... O-O 7. O-O {Dautov} (7. h3 $6 Ne4 8. Ne2 c5 9. c3 Nc6 10. Ne5
Bd6 11. f3 $2 (11. O-O $142) 11... cxd4 12. Nxc6 $2 (12. exd4 $142 Nxe5 $1 13.
dxe5 Bc5 $36 14. Rf1 $142 (14. fxe4 fxe4 15. Bxe4 (15. Bc2 $140 $2 Rxf4) 15...
Rxf4 $1 {[%cal Yd8h4]}) 14... Ng5 $15 {[%csl Re1]}) 12... Qh4+ $19 {Polgar,
Z-Salov,V/Madrid 1992/0-1(18)}) 7... Ne4 (7... c6 8. Ne2 Bd7 9. Ne5 Be8 10. c4
Nbd7 11. Qb3 $14) 8. Ne2 (8. Nb5 $5 Na6 9. c4 c6 10. Nc3 $14) 8... c5 (8... Nd7
9. c4 c6 10. Ne5 Nxe5 11. Bxe5 $14) 9. c4 (9. c3 Nc6 10. Ne5 Bd6 $10) 9... Nc6
10. Ne5 $14 {Varlamov,V-Gleizerov,E/St.Petersburg op 1994/0-1(71)}) (5... a6 {
Tyomkin,D} 6. Ne5 (6. h3 $5 {[%cal Yg2g4]} c5 7. g4 Qb6 8. Rb1 Qa5 9. dxc5 Nc6
10. gxf5 $16 {[%csl Rd5,Rf5] Grinshpun,E-Gershon,A/Rishon le Zion YM-IM 1995/
0-1(37)}) 6... c5 7. g4 fxg4 8. Nxg4 $5 $146 (8. h3 g3 9. Bxg3 Nc6 10. Qd2 cxd4
11. exd4 Bb4 12. Nxc6 bxc6 13. Bd3 O-O 14. a3 Be7 15. Rg1 Ra7 {[%cal Ga7b7,
Yb7g7]} 16. O-O-O c5 $132 {Gallego Jimenez,V-Topalov,V/Aviles 1992/0-1(31)})
8... Nc6 9. Rg1 $1 Be7 (9... Nxg4 10. Qxg4 e5 11. Qh5+ g6 12. Rxg6 hxg6 13.
Qxg6+ Kd7 14. dxe5 $40 {[%cal Re5e6] +/-for instance:} Qe8 15. Qf6 Be7 16. e6+
Kd8 {[%tqu "En","","","","c3d5","",10]} 17. Nxd5 $3 {[%cal Rf4c7]}) 10. Ne5 O-O
11. Bh6 Ne8 12. Bd3 Nxe5 $2 (12... Bh4 $1) 13. dxe5 c4 14. Qg4 Rf7 15. Be2 Qa5
16. O-O-O b5 17. Qh3 b4 18. Bh5 bxc3 19. Bxf7+ Kxf7 20. Qf3+ Kg8 {[%tqu "En",
"","","","h6g7","",10]} 21. Bxg7 $1 Qb4 (21... Nxg7 {[%tqu "En","","","",
"g1g7","",5]} 22. Rxg7+ $1 (22. Qg4 Bf8) 22... Kxg7 23. Rg1+ Kh8 24. Qf7) 22.
bxc3 Qa3+ 23. Kd2 Ra7 24. Bf8+ {1-0/Ahmed,E-Krizsany,L/Cairo/1997}) (5... Bb4
$6 {Tyomkin,D The bishop is useless on-b4.} 6. Bd3 O-O 7. O-O {[%cal Gc3e2,
Yc2c4]} Bd7 8. Ne2 c6 9. c4 Ne4 10. Bxe4 fxe4 11. Ne5 $14 {[%cal Gd1b3] Agrest,
E-Pogosian,V/St.Petersburg op 1994/1-0(29)}) 6. Bd3 $1 $146 {[%cal Gc3e2,Gc2c4]
} (6. g3 $6 {Tyomkin,D The better place for the bishop is on-d3.} a6 7. Bg2 O-O
8. Ne2 c5 9. O-O Nc6 10. c3 Ne4 11. Rc1 b5 12. a4 $6 (12. dxc5 Bxc5 13. Ned4
$14) 12... c4 $36 {<< Vlasin,J-Grunberg,S/CSR-chT 1992/1/2-1/2(33)}) 6... O-O
7. O-O b6 $6 (7... Ne4 $5 8. Ne2 c6 (8... c5 9. c4 $16) 9. c4 $14 {/+/-}) (7...
c6 $5 8. Ne2 Ne4 9. c4 $14 {/+/-}) 8. Ne2 Bb7 (8... Ba6 9. Rc1 $5 $16 {[%cal
Gc2c4]}) 9. c4 $14 {[%cal Gc4d5] /+/-} Ne4 10. Rc1 Nd7 $2 11. Bxd6 cxd6 (11...
Nxd6 $18 12. Nf4 (12. c5 $5 Nc4 13. c6 $1 Bxc6 14. b3 Nb2 15. Qd2 Nxd3 16. Rxc6
Nb8 17. Rxe6 (17. Rc2 e5 18. dxe5 $16) 17... Kf7 18. Qxd3 Kxe6 19. Nf4+ Kd6 20.
Qb5 $1 $40) 12... Re8 13. cxd5 exd5 14. Qc2 {[%csl Rc7,Rf5]}) 12. Nf4 Re8 13.
cxd5 exd5 14. Qb3 Ndf6 15. Bb5 $1 {[%csl Rd5][%cal Rb5c6]} g5 (15... Re7 16.
Bc6 {[%csl Rd5] and black can not defend d5-pawn.}) 16. Bxe8 Qxe8 17. Nd3 $1 (
17. Rc7 $2 gxf4 (17... Qb8 18. Ne6 g4 19. Nfg5 Nxg5 20. Rg7+ Kh8 21. Rxg5 $18)
18. Rxb7 Qc8 19. Re7 Kf8 $1 {winning back exchange}) 17... g4 18. Nh4 Nd2 19.
Qa3 Nxf1 20. Rxf1 {[%csl Rb7,Rd6,Rf5]} Qd7 (20... Qh5 21. g3 (21. Qxd6 $6 Qxh4
22. Qe6+ Kh8) 21... Ne4 22. Nf4 Qf7 23. f3 gxf3 24. Nxf3 $16) 21. f3 $1 {
[%csl Rf5][%cal Gf1f6]} Ne8 22. fxg4 fxg4 23. Nf5 Qe6 24. Kh1 a5 25. Qb3 {
[%csl Rg4][%cal Gb3d1]} Ba6 26. Ng3 Bc4 27. Qd1 Nf6 28. Nf4 Qe7 29. Re1 Rf8 30.
b3 Ba6 31. Qc2 Qd7 32. Qf5 Qxf5 $2 {In the ending black can not defend all
week pawns.} (32... Qf7 $142 33. Rc1 $16) 33. Nxf5 $18 {[%cal Yf5d6,Yf5e7]} Ne4
34. Ne7+ Kh8 35. Rc1 a4 36. Nexd5 axb3 37. axb3 {Black loses another pawn} Bb7
(37... b5 38. Nc7 Rc8 39. Nd3) 38. Nxb6 Nd2 39. b4 Be4 40. Nbd5 Ra8 41. b5 1-0

[Event "RUS-Cup final"]
[Site "Samara"]
[Date "1998.08.29"]
[Round "1"]
[White "Volkov, Sergey"]
[Black "Malaniuk, Vladimir P"]
[Result "1/2-1/2"]
[WhiteElo "2605"]
[BlackElo "2590"]
[Annotator "Tyomkin,D"]
[PlyCount "74"]
[EventDate "1998.08.??"]
[EventType "tourn"]
[EventRounds "11"]
[EventCountry "RUS"]
[SourceTitle "CBM 067"]
[Source "ChessBase"]
[SourceDate "1998.11.30"]
[SourceVersion "2"]
[SourceVersionDate "1998.11.01"]
[SourceQuality "1"]

1. d4 f5 2. Nc3 Nf6 3. Bg5 d5 4. Bxf6 exf6 5. e3 Be6 6. Bd3 Nc6 7. Nce2 (7. Qf3
Qd7 {[%cal Gc6b4]} 8. a3 O-O-O 9. O-O-O Kb8 $146 10. Nge2 g6 11. Nf4 Bf7 12. h3
{[%cal Gg2g4]} h5 (12... g5 $2 13. Nh5 $16 {[%cal Gh5g3]}) 13. h4 Ne7 14. Kb1
Nc8 15. Qg3 Bh6 16. f3 Qd6 17. Nb5 Qb6 18. Rhe1 a6 19. Nc3 Qd6 20. Nce2 Rhe8
21. Qf2 Nb6 22. g3 Na4 23. Nc1 Qb6 24. Nb3 Re7 25. Ka2 Rde8 26. c3 $2 {[%csl
Rc4]} (26. Rc1 $142 {[%cal Gc2c4]}) 26... Qd6 $15 {[%cal Ga4b6,Gb6c4] Liang
Chong-Zhang Zhong/Tan Chin Nam 1998/0-1(41)}) 7... Qd7 $6 $146 (7... Nb4 $142
8. Nf4 Nxd3+ 9. Qxd3 Qd7 10. Nge2 Bf7 11. h4 h5 12. Ng3 g6 13. O-O-O Bd6 14.
Nfe2 O-O-O 15. Kb1 Kb8 16. Nf1 Rde8 17. Nd2 $11 {Arkhangelsky,B-Bhend,E/WchS
1994/1/2-1/2 (57)}) 8. c3 $14 Bf7 9. Nf3 Na5 10. Nd2 Be7 11. O-O O-O 12. Qc2 g6
13. c4 (13. b3 $5 {[%cal Gc3c4]} b5 (13... Nc6 14. a3 {[%csl Yb4][%cal Gc3c4]})
14. c4 bxc4 15. bxc4 c5 $1) 13... dxc4 (13... c5 $5 14. cxd5 (14. dxc5 Bxc5 15.
cxd5 Qxd5 16. e4 fxe4 17. Nxe4 Be7) 14... cxd4 15. exd4 Bxd5 16. Nc3 $14 {
[%csl Rd4]}) 14. Nxc4 Nxc4 15. Bxc4 $14 {This pawn structure promises white
permanent advantage.Black hasn't any counterplay.} c6 16. Bxf7+ Rxf7 17. Rfd1
Bd6 18. Qc4 Re8 19. g3 Qe6 20. b3 Kg7 21. Qxe6 $6 {with couple of moves white
fixes a draw.} (21. Nc1 {[%cal Gc1d3,Yc4c2] It was good idea to move knight
to-d3 and than to prepare some brake on the queenside-Rc1,b4,a4,b5}) 21... Rxe6
22. d5 $6 (22. Nc1 {[%cal Gc1d3,Gb3b4] white holds an advantage.} Rd7 23. Nd3
Bf8 24. b4 $14) 22... cxd5 23. Rxd5 $11 Be5 24. Rad1 Rfe7 25. h4 a6 26. Kg2 Rc6
27. R1d2 Kf7 28. Rd8 Bc7 29. R8d5 h5 30. Kf3 Be5 31. Rd8 Bc7 32. R8d5 Be5 33.
a3 Ree6 34. Rd8 Rcd6 35. Rd7+ Rxd7 36. Rxd7+ Re7 37. Rxe7+ Kxe7 (37... Kxe7 38.
Nd4 Kd6 39. Ke2 Kd5 40. Kd3 $11) 1/2-1/2

[Event "Buenos Aires zt 2.5"]
[Site "Buenos Aires"]
[Date "2000.??.??"]
[Round "6"]
[White "Ricardi, Pablo"]
[Black "Rodriguez Vila, Andres"]
[Result "1-0"]
[WhiteElo "2488"]
[BlackElo "2493"]
[Annotator "Tyomkin,D"]
[PlyCount "81"]
[EventDate "2000.07.26"]
[EventType "swiss"]
[EventRounds "9"]
[EventCountry "ARG"]
[SourceTitle "CBM 079"]
[Source "ChessBase"]
[SourceDate "2000.11.21"]
[SourceVersion "1"]
[SourceVersionDate "2000.11.21"]
[SourceQuality "1"]

1. d4 f5 2. Bg5 h6 3. Bh4 g5 4. e3 Nf6 5. Bg3 Bg7 (5... d6 6. h4 g4 7. h5 Be6
8. Ne2 Bf7 9. Nf4 Nc6 10. Bb5 a6 11. Ba4 Bg7 12. Bb3 d5 13. Nc3 e6 14. Qd2 Qd7
$11 {Seirawan-Gurevich D, USA 1992}) (5... e6 6. h4 Rg8 7. hxg5 hxg5 8. Nc3 d6
9. Nf3 Qe7 10. Bc4 Nbd7 11. Bb3 Nb6 12. Qe2 Bd7 13. O-O-O O-O-O $11 {Georgiev
Kir-Winants, Haifa 1989}) 6. h4 d6 $146 {One of possible reactions. Black can
close the kingside by g5-g4, and it leads to comfortable position:} (6... g4 7.
h5 d6 8. Nc3 c6 9. Bd3 Qa5 10. Nge2 e5 11. Qd2 Be6 12. f4 gxf3 13. gxf3 Nbd7
14. a3 O-O-O 15. O-O-O Rde8 16. Bf2 Nh7 17. Ng3 Rhf8 18. d5 cxd5 19. Nb5 Qb6
20. Qb4 Nc5 $11 {Bareev-Malaniuk, Moscow 1990}) 7. hxg5 hxg5 8. Rxh8+ Bxh8 9.
Nc3 (9. Nh3 g4 {[%cal Gf6e4]}) 9... Nc6 $6 {Black chooses not the best way to
develop pieces. Plan with 9...c6 leads to the balanced position:} (9... c6 10.
Nh3 g4 11. Nf4 {[%cal Gf1c4]} Qb6 12. a3 $5 Qxb2 $140 13. Na4 {[%csl Rb2]}) 10.
Nh3 g4 11. Nf4 e6 (11... e5 12. Ng6 exd4 13. exd4 $16 {[%cal Gd4d5]}) 12. Bh4 {
[%cal Rd4d5]} d5 $2 {Overlooking the following idea. of white} (12... Ne7 $142
13. Bc4 $5 d5 14. Bd3 {white probably still has some edge.}) 13. Bb5 $1 {
Simply intending to capture the knight, broking pawns, and getting an outpost
c5. Black finds the only way to keep the structure fixed:} Qd7 14. Qe2 $16 {
[%cal Ge1c1]} a6 15. Bxc6 Qxc6 16. O-O-O Bd7 {All, what left for black, is to
castle, but...} 17. Ng6 {[%cal Gg6e5]} Bg7 18. Ne5 Qd6 $2 {Much better was to
move the queen to other place, keeping possibility to castle. Now castle is
not available, because of whites Ne5-f7.} (18... Qb6 $142 {[%cal Ge8c8]} 19. f3
$16) 19. f3 $1 {White has to open the kingside as fast as possible.} gxf3 20.
gxf3 Qf8 (20... O-O-O 21. Nf7 $18) 21. Qg2 O-O-O 22. Ne2 $1 {[%cal Ge2f4]} Be8
(22... Bh6 $2 23. Qg6 $1 {[%cal Rh4d8]}) (22... Bb5 23. Nf4 Re8 24. Qg6 $16)
23. Nf4 Rd6 24. Rg1 Bh6 25. Bg5 Nh5 (25... Bxg5 26. Qxg5 $18 {[%csl Rd6,Re6]
[%cal Gg1h1,Gh1h6]}) 26. Bxh6 Qxh6 27. Qh2 $18 {[%csl Rh5][%cal Rh2h6] All
black pieces are trapped in defense. Knight h5 will be lost because of dead
pin over h-file.} Rd8 28. Neg6 Nxf4 {Black finds a way to continue the game
for a while.} 29. Qxh6 Ne2+ 30. Kd2 Nxg1 31. Ne5 {[%csl Re6,Rg1][%cal Rh6h1]
No way for black to prevent forthcoming material losses.} Bb5 32. Qg6 Nh3 33.
Qxe6+ Kb8 34. Qxf5 Rh8 35. Ng6 Rg8 36. Qf7 Rd8 37. Qe6 Rd6 38. Qg8+ Ka7 39. Ne7
{[%cal Re7c8]} Bd7 40. b3 c6 41. Qd8 {[%cal Re7c8,Rd8c7]} 1-0

[Event "Donetzk zt"]
[Site "Donetsk"]
[Date "1998.11.11"]
[Round "9"]
[White "Zubarev, Alexander2"]
[Black "Onischuk, Alexander"]
[Result "0-1"]
[WhiteElo "2440"]
[BlackElo "2630"]
[Annotator "Tyomkin,D"]
[PlyCount "72"]
[EventDate "1998.11.02"]
[EventType "swiss"]
[EventRounds "11"]
[EventCountry "UKR"]
[SourceTitle "CBM 068"]
[Source "ChessBase"]
[SourceDate "1999.02.01"]
[SourceVersion "1"]
[SourceVersionDate "1999.02.01"]
[SourceQuality "1"]

1. d4 f5 2. Nc3 d5 3. Bf4 e6 4. e3 Nf6 5. Nb5 Bd6 (5... Na6 6. c4 Be7 7. Nf3
O-O 8. a3 Ne4 9. Bd3 $146 (9. Qc2 $6 c5 $1 10. Bd3 Qa5+ 11. Ke2 (11. Nc3 Nb4)
11... Bd7 $36 {Vaiser-Koch/Lyon-Clichy 1993/0-1(30)}) 9... c6 10. Nc3 g5 $6 11.
Be5 Qe8 12. cxd5 cxd5 13. Qb3 Bd7 14. O-O Bc6 15. Rfc1 $16 {Astrom,R-Berg,E/
ch-SWE, Ronneby SWE 1998/1-0(41)}) 6. Bxd6 $6 $146 {[%mdl 16384] It was better
to keep this bishop in the game which controls the center and attacks d6-pawn.
After right 6.Nxd6 white has simple way to get advantage:finishing development
of the kingside to open the center by c2-c4.} (6. Nxd6+ cxd6 7. Nf3 (7. c3 O-O
8. Qc2 Nc6 9. O-O-O Nh5 $6 10. Bg3 Nxg3 $6 11. hxg3 g6 12. Nh3 $14 {[%cal
Yg3g4,Gf1e2]} Bd7 13. Be2 b5 14. g4 fxg4 15. Bxg4 b4 16. Nf4 Rxf4 17. exf4 bxc3
18. bxc3 Rc8 19. Qe2 Qa5 20. Bxe6+ Kf8 21. Bxd7 Nxd4 22. Qb2 {1-0 Flear,
G-Szabolcsi,J/Franz. Mannschaftsmeisterschaft sp 1996 (22)}) 7... Nc6 8. Be2
O-O 9. O-O a6 10. b3 (10. c4 $6 dxc4 11. Bxc4 b5) 10... Qe7 (10... Ne4 11. c4
Nc3 12. Qc2 $14) 11. c4 dxc4 12. bxc4 e5 13. Bg5 h6 14. Bxf6 Qxf6 15. Rb1 f4
16. d5 $14 {Milov,V-Kindermann,S/Biel 1995/1-0(38)}) 6... cxd6 7. c4 a6 8. Nc3
dxc4 9. Bxc4 b5 10. Bb3 O-O 11. Nh3 $14 {[%csl Re6][%cal Gh3f4]} Ra7 {[%csl
Ye6][%cal Ga7e7]} 12. f3 $6 (12. Nf4 $5 Re7 13. d5 b4 14. Nce2 e5 15. Ne6 Bxe6
16. dxe6 $132) (12. O-O $14) 12... Re7 13. Qd3 $6 {threating to take on-f5,but.
..} Nc6 $1 {[%mdl 512]} 14. Qxf5 Kh8 15. Qd3 e5 {[%cal Re5d4,Gc8h3] Suddenly
black achives strong initiative-this what white was missing when he played 13.
Qd3} 16. O-O-O (16. dxe5 Nxe5 17. Qe2 Bxh3 18. gxh3 Qc8 $5 $17 {aimed against
0-0-0}) 16... exd4 17. exd4 Bxh3 18. gxh3 d5 $15 {[%csl Rb3,Rd4,Rf3,Rh2,Rh3] /
-/+} 19. Rhe1 Qd6 20. Rxe7 Nxe7 21. Re1 Nc6 22. Kb1 Na5 23. Re2 (23. Bc2 Nc4
$17 (23... Qxh2 $2 24. Nxd5)) 23... Nc4 $2 (23... Qd7 $142 $17 {[%cal Gd7h3]})
24. Qf5 $4 {[%mdl 8192]} (24. Bxc4 $1 dxc4 (24... bxc4 25. Qf5 $1 $14) 25. Qe3
{[%cal Gc3e4] and white looks perfect.}) 24... b4 $19 {And now the pair of
black knights start to dance a tango over white's position!} (24... Ne4 $4 25.
Nxe4 {[%csl Rd6]}) 25. Na4 Ne4 $1 26. Qg4 (26. fxe4 Rxf5 27. exf5 g6 $19) 26...
Ncd2+ 27. Kc1 Nxf3 28. Bxd5 Qxd5 29. Qxe4 Qc4+ 30. Kd1 Nxd4 31. Re1 b3 32. Nc3
bxa2 33. Nxa2 {[%tqu "En","Find how is black winning a piece","","","c4a4","",
10]} Qa4+ $1 34. Kc1 Nb3+ 35. Kc2 Qxa2 36. Qc4 Na1+ 0-1

[Event "Nordic-ch VISA"]
[Site "Reykjavik"]
[Date "1997.10.17"]
[Round "9"]
[White "Gretarsson, Helgi Ass"]
[Black "Nilssen, John Arni"]
[Result "1-0"]
[WhiteElo "2475"]
[BlackElo "2315"]
[Annotator "Tyomkin,D"]
[PlyCount "53"]
[EventDate "1997.10.08"]
[EventType "tourn"]
[EventRounds "13"]
[EventCountry "ISL"]
[EventCategory "10"]
[SourceTitle "CBM 062"]
[Source "ChessBase"]
[SourceDate "1998.01.31"]
[SourceVersion "1"]
[SourceVersionDate "1998.01.31"]
[SourceQuality "1"]

1. d4 f5 2. Bg5 c6 3. Nc3 Qb6 (3... d5 {Tyomkin,D} 4. e4 $1 {White gets
development advantage for the sacrificing pawn} (4. e3 Be6 (4... Nd7 5. Bd3
Ndf6 6. Nf3 (6. Nge2 $5) 6... e6 7. Ne5 Bd6 8. g4 $6 Qb6 9. Na4 Qa5+ 10. c3
Bxe5 11. dxe5 Nxg4 12. Bf4 c5 13. Rg1 Bd7 14. Bc2 g6 15. Rb1 c4 16. h3 N4h6 17.
b4 cxb3 18. axb3 Rc8 19. b4 Qc7 20. Qd4 b6 $17 {Sygulsky-Casper, Yurmala 1987})
(4... Nf6 5. Bd3 (5. Bxf6 $142 exf6 6. Bd3 $14 {[%cal Gd1f3,Yg1e2]}) 5... e6 6.
Nge2 Be7 7. f3 O-O 8. O-O $11 {Diesen,B-Bern,I/Oslo-B 1992/0-1(36)}) (4... g6
$6 5. h4 Bg7 6. Bd3 Be6 7. Nge2 {[%cal Ge2f4,Yh4h5]} h6 8. Bf4 Nd7 9. g4 $1 $16
{[%csl Rg6] Diesen,B-Pyhala,A/Helsinki 1989/1-0(34)}) 5. Bd3 Nd7 6. g4 fxg4 7.
h3 g3 8. fxg3 Ngf6 9. Nf3 g6 10. Bf4 Qb6 11. Rb1 Bg7 12. Ng5 Bg8 13. b4 Qd8 14.
O-O Nh5 15. b5 e5 16. bxc6 bxc6 17. dxe5 Nxe5 18. Rb7 Qf6 19. Nce4 dxe4 20.
Nxe4 $16 {Finegold-Rubene, Cappele la Grande 1991}) (4. h3 Qb6 5. Rb1 Nd7 6. g4
e5 $132 {Vogel,T-Zysk,R/BL 1991/0-1(20)}) 4... fxe4 5. f3 Nf6 6. fxe4 dxe4 7.
Bc4 Bf5 (7... Nbd7 8. Qe2 (8. Nge2 Nb6 9. Bb3 Bg4 $13) 8... Qa5 9. Bd2 Qf5 10.
Nh3 Nb6 11. Bb3 $16 {@ Popchev,M-Panbukchian,V/BUL-ch 1994/1/2-1/2(26)}) 8.
Nge2 Nbd7 9. O-O Nb6 10. Bb3 Qd7 11. Ng3 $36 {@ Bauer,C-Tseitlin,M/Bad Zwesten
op 1997/1-0(25)}) 4. Rb1 {[%cal Ge2e4]} g6 $6 $146 (4... d6 $6 {Lalic,B; Zaja,I
} 5. e4 $1 fxe4 6. Nxe4 Qa5+ 7. Bd2 Qd5 $6 (7... Qxa2 8. c4 $44 Bf5 $5) 8. Bd3
Nf6 9. c4 $1 $16 {~/= Zaja,I-Kovacevic,V/Hrvatska 1995}) (4... d5 $142 $5 5. e3
Nd7 (5... Nf6 6. Bxf6 exf6 7. Bd3 Be6 8. Qf3 g6 9. Nge2 Nd7 10. h3 {[%cal
Gg2g4]}) 6. Bd3 Ndf6 $13) 5. e4 fxe4 6. Nxe4 Bg7 7. Nf3 Nf6 (7... d5 8. Ng3 $16
) 8. Bxf6 $6 (8. Nxf6+ $5 exf6 9. Be3 d5 10. Qd2 O-O $13) (8. Ng3 $142 O-O (
8... Qa5+ 9. c3 $44 {@}) 9. Bd3 $36 {[%cal Gh2h4,Gh4h5]}) 8... Bxf6 (8... exf6
9. Nd6+ Ke7 10. Nc4 $16 {@} Qc7 $140 11. d5) 9. Nxf6+ exf6 10. Qd2 O-O (10...
d5 $2 11. Qh6 {[%cal Gf1d3]} Bf5 12. Qg7 Rf8 13. Bd3 Bxd3 14. cxd3 $16 Qb4+ 15.
Kd1 {[%cal Gh1e1]}) 11. h4 Re8+ 12. Kd1 d5 13. h5 Qc7 $4 (13... Bg4 14. hxg6
hxg6 15. Qh6 $18) (13... g5 $8 14. Nxg5 (14. Bd3 Bg4 15. c3 Nd7 $15) 14... fxg5
15. Qxg5+ Kh8 $8 (15... Kf7 16. Rh4 {[%cal Gf1d3,Gh4f4] white has decisive
attack}) 16. Qf6+ Kg8 {[%cal Gb6c7,Gc7d8] white cann't transfer the rook"h1"
to the attack} 17. Qg5+ $11 (17. h6 Qc7 18. Rh5 $140 Bg4+)) 14. hxg6 hxg6 15.
Rh6 $18 {[%csl Rg6][%cal Gf1d3,Gf3h4]} Kg7 16. Bd3 Bf5 (16... f5 17. Qg5 {
[%cal Gf3h4]}) 17. Nh4 Bxd3 18. cxd3 Rh8 19. Rxh8 Kxh8 20. Qh6+ Kg8 (20... Qh7
21. Nxg6+ Kg8 22. Qf8#) 21. Qxg6+ Qg7 22. Qe8+ Qf8 (22... Kh7 23. Kc2 {[%cal
Gb1h1]}) 23. Qe6+ Qf7 24. Qc8+ Kh7 25. Kc2 Qd7 26. Qf8 Qg7 27. Qe8 1-0